Wells v Bournemouth BC (Record no. 65616)
[ view plain ]
| 000 -LEADER | |
|---|---|
| fixed length control field | 01396cam a2200229 4500 |
| 001 - CONTROL NUMBER | |
| control field | ABS63323 |
| 008 - FIXED-LENGTH DATA ELEMENTS--GENERAL INFORMATION | |
| fixed length control field | 000000n2000 000 0 eng u |
| 035 ## - SYSTEM CONTROL NUMBER | |
| System control number | (Sirsi) u110010 |
| 245 ## - TITLE STATEMENT | |
| Title | Wells v Bournemouth BC |
| 260 ## - PUBLICATION, DISTRIBUTION, ETC. | |
| Date of publication, distribution, etc. | 2000 |
| 490 ## - SERIES STATEMENT | |
| Series statement | Rating and Valuation Reporter |
| Volume/sequential designation | [2000] RVR 335-340(6) |
| 520 ## - SUMMARY, ETC. | |
| Summary, etc. | LCA/171/1997, 29 March 2003. Examined whether a landlord (W) should be paid compensation for the loss of income while prevented from letting the property by a closing order served by Bournemouth BC (B) in order to carry out substantial repair work to make the property fit for human habitation. W claimed he was entitled to compensation equal to the difference between the amounts which the property would have been expected to realise if sold in the open market immediately before and after the making of the closing order. It was held that no compensation was payable to W under the Housing Act 1985 s584, for the making of the closing order as there had been no diminution in the compulsory purchase value of the owner's interest in the property as a result of the making of the closing order. |
| 590 ## - LOCAL NOTE (RLIN) | |
| Local note | ABS |
| 650 ## - SUBJECT ADDED ENTRY--TOPICAL TERM | |
| Topical term or geographic name entry element | COMPENSATION |
| 650 ## - SUBJECT ADDED ENTRY--TOPICAL TERM | |
| Topical term or geographic name entry element | WELLS V BOURNEMOUTH BC |
| 650 ## - SUBJECT ADDED ENTRY--TOPICAL TERM | |
| Topical term or geographic name entry element | LAND COMPENSATION ACT 1973 |
| 650 ## - SUBJECT ADDED ENTRY--TOPICAL TERM | |
| Topical term or geographic name entry element | HOUSING ACT 1985 S584A |
| 650 ## - SUBJECT ADDED ENTRY--TOPICAL TERM | |
| Topical term or geographic name entry element | Valuation |
| 9 (RLIN) | 6273 |
| 650 ## - SUBJECT ADDED ENTRY--TOPICAL TERM | |
| Topical term or geographic name entry element | CLOSING ORDER |
| 690 ## - LOCAL SUBJECT ADDED ENTRY--TOPICAL TERM (OCLC, RLIN) | |
| Topical term or geographic name as entry element | Landlord and tenant |
| 9 (RLIN) | 6252 |
| 942 ## - ADDED ENTRY ELEMENTS (KOHA) | |
| Suppress in OPAC | 0 |
| Withdrawn status | Lost status | Source of classification or shelving scheme | Damaged status | Not for loan | Home library | Current library | Shelving location | Date acquired | Total Checkouts | Full call number | Barcode | Date last seen | Copy number | Price effective from | Koha item type |
|---|---|---|---|---|---|---|---|---|---|---|---|---|---|---|---|
| Dewey Decimal Classification | London | London | Journal article | 20/12/2000 | ABS63323 | 110010-1001 | 06/08/2019 | 1 | 06/08/2019 | Journal article |